000 00948nam a2200217Ia 4500
003 OSt
005 20210115112444.0
008 191128s2002 ck ad fr 000 0 spa d
020 _a8025419
_qv.4
040 _aCO-JMCR
_cCO-JMCR
041 0 _aspa
082 0 4 _a352.283 /
_bS471e
_223
110 2 _aSeminario internacional de la descentralización en Colombia
_d(2000 :
_99617
_cBogotá)
245 1 0 _aEvaluación de la descentralización municipal en Colombia :
_bbalance de una década /
_cMemorias Seminario internacional de la descentralización en Colombia
260 _aBogotá :
_bDepartamento Nacional de Planeación,
_c2002
300 _a4 volúmenes :
_bgráficos ;
_c27 cm +
_e1 cd
505 2 _gv. 4.
_tMemorias seminario internacional de la descentralización en Colombia 6 y 7 de mayo de 2002
650 1 4 _aDescentralización administrativa
_zColombia
_97680
650 1 4 _aAdministración municipal
_zColombia
_99327
942 _2ddc
_cBK
999 _c3963
_d3963